000 01127cam a2200337 i 4500
001 200444421
999 _c200444421
_d62633
003 TR-AnTOB
005 20240912105831.0
007 ta
008 120703s1965 tu 000 0 tur
040 _aTR-AnTOB
_beng
_erda
_cTR-AnTOB
041 0 _atur
044 _ctu
050 _aHG4521
_b.S28 1965
090 _aHG4521
_b.S28 1965
100 1 _aSavaş, Vural Fuat
_d1936-.
_eauthor
_97044
245 1 0 _aYatırım kriterlerinden doğrusal programlamaya :
_b(yatırım planlaması için metodolojik bir sentez) /
_cVural Fuat Savaş.
264 1 _aİstanbul :
_bEskişehir İktisadi ve Ticari İlimler Akademisi,
_c1965.
300 _aix, 152 pages ;
_c24 cm
336 _atext
_btxt
_2rdacontent
337 _aunmediated
_bn
_2rdamedia
338 _avolume
_bnc
_2rdacarrier
490 0 _aEskişehir İktisadi ve Ticari İlimler Akademisi ;
_vYayın no. 27-4
504 _aBIB
650 7 _aYatırımlar
_2etuturkob
_914145
650 7 _aFinans
_2etuturkob
_999858
650 7 _aYatırım analizi
_2etuturkob
_910750
942 _2lcc
_cBK